00514nam a2200193Ia 450000500170000000800410001702000150005808200130007310000160008624500160010226000280011830000170014665000120016365000130017565000160018894200060020495200950021099900150030520240909033436.0240331s9999 xx 000 0 und d a0415110513 bHAMa700 aHamilton, P 0aHistoricism aLondonbRoutledgec1996 avi, 226 p ., aHistory aFeminism aTerminology cL 001040708LaWERCLbWERCLcSSCd2024-03-31l0o 700 HAMp2684r2024-03-31w2024-03-31yL c3052d3052